00904nam a2200217Ia 4500003000900000008004100009020001800050040001600068080002300084111007700107245025200184260004200436300001400478490002700492650004100519650002800560650001800588700001900606700002400625710003700649IN-BaIIA211028s9999 xx 000 0 eng d a90-277-1740-0 cIIA Library a082.2:52bIAU-S110 aInternational Astronomical Union SymposiumcItalyd1983 June 27 - July 1 0aVLBI and compact radio sourcesbproceedings of the International Astronomical Union symposium No.110, held in Bologna, Italy June 27 - July 1, 1983cedited by R. Fanti, K. Kellermann and G. Setti  aDordrechtbD. Reidel Publishingc1984 axx, 489p. aIAU symposium; no. 110 aAstronomy and Astrophysics thesaurus aExtragalactic astronomy aRadio sources aFanti, R., ed. aKellermann, K., ed. aInternational Astronomical Union